000 00769nam a22001817a 4500
999 _c15119
_d15119
003 OSt
082 _2664 PRA/DE
088 _aT 320
100 _aPRAVEENA N
_93496
245 _aDevelopment and quality evaluation of retort pouch packed tender jackfruit (Artocarpus heterophyllus L.)
260 _aTavanur 2015
_bDepartment of Food & Agricultural Process Engineering
300 _a152
500 _aDevelopment and quality evaluation of retort pouch packed tender jackfruit (Artocarpus heterophyllus L.)
520 _aDevelopment and quality evaluation of retort pouch packed tender jackfruit (Artocarpus heterophyllus L.)
700 _aDr. Sudheer K. P (Guide)
_93856
856 _uhttps://drive.google.com/open?id=1Pyjm2PFRtLvlOrlheLIajOw3KJ5TluV_
942 _cTH